Southville International School and Colleges
Your cart is empty.
  • Cart
  • Lists
    Public lists Eva Luna New books Lux_list list_1
    Your lists Log in to create your own lists
  • Log in to your account
  • Your cookies
  • Search history
Southville International School and Colleges
  • Advanced search
  • Recent comments
  • Most popular
  • Libraries

Log in to your account

Log in with GOOGLE


If you do not have an external account, but do have a local account, you can still log in:

  1. Home
  2. MARC view: The complete idiot's guide to science fair projects /
Normal view MARC view ISBD view

The complete idiot's guide to science fair projects / (Record no. 339803)

[ view plain ]
MARC details
000 -LEADER
fixed length control field 00707nam a2200265Ia 4500
008 - FIXED-LENGTH DATA ELEMENTS--GENERAL INFORMATION
fixed length control field 170711s9999 xx 000 0 und d
020 ## - INTERNATIONAL STANDARD BOOK NUMBER
International Standard Book Number 1592571379
050 ## - LIBRARY OF CONGRESS CALL NUMBER
Classification number 507.8
050 ## - LIBRARY OF CONGRESS CALL NUMBER
Item number Ol45 2003
100 ## - MAIN ENTRY--PERSONAL NAME
Personal name O'Leary, Nancy
245 #4 - TITLE STATEMENT
Title The complete idiot's guide to science fair projects /
245 ## - TITLE STATEMENT
Statement of responsibility, etc by Nancy O'Leary and Susan Shelly.
260 ## - PUBLICATION, DISTRIBUTION, ETC. (IMPRINT)
Place of publication, distribution, etc USA :
260 ## - PUBLICATION, DISTRIBUTION, ETC. (IMPRINT)
Name of publisher, distributor, etc Alpha,
260 ## - PUBLICATION, DISTRIBUTION, ETC. (IMPRINT)
Date of publication, distribution, etc 2003
300 ## - PHYSICAL DESCRIPTION
Extent xxi, 343 pages :
300 ## - PHYSICAL DESCRIPTION
Other physical details illustrations ;
300 ## - PHYSICAL DESCRIPTION
Dimensions 23cm.
500 ## - GENERAL NOTE
General note Includes glossary and index.
650 ## - SUBJECT ADDED ENTRY--TOPICAL TERM
Topical term or geographic name as entry element Science -- Experiments.
650 ## - SUBJECT ADDED ENTRY--TOPICAL TERM
Topical term or geographic name as entry element Science projects --
650 ## - SUBJECT ADDED ENTRY--TOPICAL TERM
General subdivision Handbooks, manuals, etc.
700 ## - ADDED ENTRY--PERSONAL NAME
Personal name Shelly, Susan.
700 ## - ADDED ENTRY--PERSONAL NAME
Personal name Title.

No items available.

The complete idiot's guide to science fair projects /

APA

O'Leary N., Shelly S. & Title.The complete idiot's guide to science fair projects. USA: .

Chicago

O'Leary Nancy, Shelly Susan and Title.The complete idiot's guide to science fair projects. USA: .

Harvard

O'Leary N., Shelly S. and Title.The complete idiot's guide to science fair projects. USA: .

MLA

O'Leary Nancy, Shelly Susan and Title.USA: . .

  • Print
  • Cite
  • Add to your cart (remove)
  • Save record
    BIBTEX Dublin Core MARCXML MARC (non-Unicode/MARC-8) MARC (Unicode/UTF-8) MARC (Unicode/UTF-8, Standard) MODS (XML) RIS
  • More searches
    Search for this title in:
    Other Libraries (WorldCat) Other Databases (Google Scholar) Online Stores (Bookfinder.com) Open Library (openlibrary.org)

Exporting to Dublin Core...

SOUTHVILLE LIBRARY

Southville International School and Colleges Library

1281 Tropical Ave. Cor. Luxembourg St., BF Homes International, Las Pinas City

Tel. No. 8256374 / 252358 Loc. 117/146

Powered by Koha